000290482 001__ 290482
000290482 005__ 20240928180646.0
000290482 0247_ $$aG:(GEPRIS)272946783$$d272946783
000290482 035__ $$aG:(GEPRIS)272946783
000290482 040__ $$aGEPRIS$$chttp://gepris.its.kfa-juelich.de
000290482 150__ $$aEvolutionäre Anpassung natürlicher Phytoplanktonpopulationen an Erwärmung$$y2015 - 2017
000290482 371__ $$aDr. Kai Lohbeck
000290482 450__ $$aDFG project G:(GEPRIS)272946783$$wd$$y2015 - 2017
000290482 5101_ $$0I:(DE-588b)2007744-0$$aDeutsche Forschungsgemeinschaft$$bDFG
000290482 680__ $$aDer globale Klimawandel führt zu einer Erwärmung des Ozeans und könnte weitreichende Konsequenzen für marine Ökosysteme und biogeochemische Stoffflüsse nach sich ziehen. Unser gegenwärtiges Verständnis der Auswirkungen erhöhter Wassertemperatur auf marine Lebewesen basiert überwiegend auf Kurzzeituntersuchungen, während evolutionäre Prozesse nur langsam in den Fokus der Forschung rücken. Besonders bei einzelligen, sich schnell teilenden Organismen, wie zum Beispiel dem Phytoplankton, ist evolutionäre Anpassung an den Klimawandel anzunehmen. Laborselektionsexperimente mit Phytoplankton belegen, dass evolutionäre Anpassung möglich ist und den negativen Effekten des Klimawandels entgegenwirken könnte. Inwieweit solche Experimente Aufschluss über evolutionäre Prozesse in natürlichen Populationen geben ist bisher jedoch nicht geklärt. Eine hervorragende Möglichkeit evolutionäre Prozesse in natürlichen Phytoplanktonpopulationen zu untersuchen findet sich in schwedischen Küstengewässern. Dort kommt es durch Kühlwassereinleitung von Atomkraftwerken zu anhaltenden regionalen Temperaturveränderungen. Unter diesen Bedingungen ermöglichen im Sediment abgelagerte Dauerstadien der dort vorkommenden Kieselalge Skeletonema marinoi, genetische Veränderungen lokal begrenzter Populationen über längere Zeiträume zu untersuchen. Da anzunehmen ist, dass evolutionäre Prozesse für eine verlässliche Abschätzung der Auswirkungen des Klimawandels auf den Ozean unverzichtbar sein werden, sind die hier angestrebten Forschungsziele von großer Bedeutung, nicht nur aus wissenschaftlicher Sicht, sondern auch für Politik und Gesellschaft.
000290482 909CO $$ooai:juser.fz-juelich.de:957225$$pauthority$$pauthority:GRANT
000290482 909CO $$ooai:juser.fz-juelich.de:957225
000290482 980__ $$aG
000290482 980__ $$aAUTHORITY